000 00412nam a2200181Ia 4500
001 10821
005 20260306161900.0
008 260306t1964||||xx |||||||||||||| ||spa||
041 _aESP
082 _a973.07
_bA88
100 _aAustin, Victor
_eAUT
245 0 _aLa guerra de secesión
260 _c1964
300 _a239 páginas :
_ccm.
650 _aGEN
654 _aCHU
942 _cLIB
_dJUS
_fJUS
_2ddc
_n
999 _c10821
_d10821